| 000 | 00971nam a2200265Ia 4500 | ||
|---|---|---|---|
| 005 | 20211111074557.0 | ||
| 008 | 130821s2006 ag gr spa | ||
| 020 | _a9871305087 | ||
| 040 |
_aCo-BoUCM _bspa |
||
| 041 | 0 | 0 | _aspa |
| 245 | 0 | 0 |
_aEl libro electrónico en la universidad testimonios y reflexiones _cMiguel Gama Ramírez, coordinador |
| 260 |
_aBuenos Aires (Argentina) _bAlfagrama _c2006 |
||
| 300 | _a117 páginas | ||
| 504 | _aIncluye bibliografía. | ||
| 650 | 0 | 4 |
_aBibliotecas electrónicas _910032 |
| 650 | 0 | 4 |
_aBibliotecas _vColecciones especiales _97339 |
| 650 | 0 | 4 |
_aBibliotecología _910049 |
| 650 | 0 | 4 |
_aLibros electrónicos _918514 |
| 700 | 1 |
_aGama Ramírez, Miguel _ecoord. _9163417 |
|
| 700 | 1 |
_aHernández Salazar, Patricia _eprol. _9163418 |
|
| 710 | 2 |
_aColegio Nacional de Bibliotecarios _9131558 |
|
| 710 | 2 |
_aLibrary Outsourcing Service _9131559 |
|
| 942 |
_cLIBRO _a3 _e1 _mL697 _2DEWEY _h025.17 |
||
| 999 |
_c52216 _d52216 |
||